हिन्दी रचना प्रभाकरः(पयार्य, विलोम,तत्सम, लोकोक्तियाँ, मुहावरा,वाक्यशुध्दि आदि ) / (Record no. 23994)

MARC details
000 -LEADER
fixed length control field 01076nam a22002297a 4500
005 - DATE AND TIME OF LATEST TRANSACTION
control field 20090217164451.0
008 - FIXED-LENGTH DATA ELEMENTS--GENERAL INFORMATION
fixed length control field 090217t xxu||||| |||| 00| 0 hin d
010 ## - LCCN (DPL NO)
LC control number HIN-45902
020 ## - INTERNATIONAL STANDARD BOOK NUMBER
Terms of availability 150.00
035 ## - SYSTEM CONTROL NUMBER
System control number HN-27258
037 ## - SOURCE OF ACQUISITION
Source of stock number/acquisition DBAD / PUB
040 ## - CATALOGING SOURCE
Original cataloging agency DPL
Language of cataloging HN
082 ## - DEWEY DECIMAL CLASSIFICATION NUMBER
Item number 425
100 ## - MAIN ENTRY--PERSONAL NAME
Personal name बलियाटिक,विजय
245 ## - TITLE STATEMENT
Title हिन्दी रचना प्रभाकरः(पयार्य, विलोम,तत्सम, लोकोक्तियाँ, मुहावरा,वाक्यशुध्दि आदि ) /
Statement of responsibility, etc विजय बलियाटिक तथा विजय नारायण सिंह
260 ## - PUBLICATION, DISTRIBUTION, ETC. (IMPRINT)
Place of publication, distribution, etc दिल्ली
Name of publisher, distributor, etc ग्रंथलोक
Date of publication, distribution, etc 1999
270 ## - ADDRESS
City दिल्ली
300 ## - PHYSICAL DESCRIPTION
Extent 148 पृ.
Dimensions 23 सेमी
700 ## - ADDED ENTRY--PERSONAL NAME
Personal name विजय नारायण सिंह
942 ## - ADDED ENTRY ELEMENTS (KOHA)
Source of classification or shelving scheme Dewey Decimal Classification
Item type Hindi Books
Call number suffix बलिया
Holdings
Withdrawn status Lost status Source of classification or shelving scheme Damaged status Not for loan Home library Current library Date acquired Source of acquisition Cost, normal purchase price Total Checkouts Full call number Barcode Date last seen Copy number Cost, replacement price Koha item type
    Dewey Decimal Classification   Not For Loan D.B.Act.Division D.B.Act.Division 17/02/2009 DBAD / PUB 150.00   बलिया HN-27258 17/02/2009 1 150.00 Hindi Books

© Delhi Public Library
Hit Counter
free hit counter